| 000 | 00956cab a22002535a 4500 | ||
|---|---|---|---|
| 001 | L159975 | ||
| 008 | 150113e2016 xxk 000 0 eng d | ||
| 035 | _a(Sirsi) u159975 | ||
| 041 | 0 | _aeng | |
| 100 | 1 | _aDignan, Michael | |
| 100 | 2 | _aDanby, Mark | |
| 245 | 0 | 0 |
_aThermal upgrading _h[electronic resource] |
| 260 |
_aLondon _bRICS _c2016 |
||
| 490 |
_aRICS Building Surveying Journal _vOctober 2016 - November 2016, 10-11(2) |
||
| 520 | _aLooks at how the non-standard construction characteristics of a Scottish housing association?s properties pose challenges for refurbishment | ||
| 650 | 2 | 4 | _aENERGY EFFICIENCY STANDARDS |
| 650 | 2 | 4 | _aHOUSING ASSOCIATION |
| 650 | 2 | 4 | _aSOCIAL HOUSING |
| 650 | 2 | 4 | _aENERGY PERFORMANCE CERTIFICATES |
| 651 | 4 | _aScotland | |
| 690 |
_aSustainability _96271 |
||
| 856 | 4 | 0 |
_uhttps://www.rics.org/Global/BSJ-BCJ%20Oct%20Nov%202016%20Interactive.pdf _zView the article free of charge at www.rics.org... |
| 942 | _n0 | ||
| 999 |
_c85096 _d85096 |
||